• 首页
  • 本馆介绍
  • 公告通知
  • 最新文献
  • 馆藏检索
  • 电子资源
  • 读者导购
  • 参考咨询
  • 我的图书馆
  • 登录
  • 详细信息显示
  • 放入我的书架
  • 预约/预借图书
  • 作者相关作品
  • 分类相关作品
  • 丛书相关作品
  • 出版社相关作品

书目信息

  • 表格格式
  • 工作单格式
  • 卡片格式
题名:
非木材植物人造板
    
 
作者: 向仕龙 , 蒋远舟 编著
分册:  
出版信息: 北京   中国林业出版社  2008.08
页数: 321页
开本: 26cm
丛书名:
单 册:
中图分类: TS653
科图分类:
主题词: 人造板生产--制板工艺
电子资源:
ISBN: 978-7-5038-5300-5
000 00722nam0 2200229 450
001 0834734069
005 20081222154255.07
010    @a978-7-5038-5300-5@dCNY34.00
100    @a20081222d2008 km y0chiy0120 ea
101 0  @achi
102    @aCN@b110000
200 1  @a非木材植物人造板@Afei mu cai zhi wu ren zao ban@f向仕龙,蒋远舟等编著@Fxiang shi long,jiang yuan zhou deng bian zhu
205    @a2版
210    @a北京@c中国林业出版社@d2008.08
215    @a321页@d26cm
300    @a普通高等教育"十一五"国家级规划教材
606 0  @a人造板生产@x制板工艺
690    @aTS653@v4
701  0 @a向仕龙@Axiang shi long@4编著
701  0 @a蒋远舟@Ajiang yuan zhou@4编著
801  0 @aCN@bNISOFT@c20081222
905    @aBZT@dTS653@e1@f5
    
    非木材植物人造板/向仕龙,蒋远舟等编著.-2版.-北京:中国林业出版社,2008.08
    321页;26cm
    普通高等教育"十一五"国家级规划教材
    
    ISBN 978-7-5038-5300-5:CNY34.00
    
●
相关链接 在五车中查询图书 在当当中查询图书 在豆瓣中查询图书


正题名:非木材植物人造板     索取号:TS653/1         预约/预借

序号 登录号 条形码 馆藏地/架位号 状态 备注
1 0692922   2000692922   样本书库/样003架B面4层1列/ [索取号:TS653/1] 在馆    
2 0692923   2000692923   中心书库中库/ 中库025架A面7列4层24/ [索取号:TS653/1] 在馆    
3 0692924   2000692924   中心书库中库/ 中库025架A面7列4层23/ [索取号:TS653/1] 在馆    
4 0692925   2000692925   中心书库中库/ 中库025架A面7列4层22/ [索取号:TS653/1] 在馆    
5 0692926   2000692926   中心书库中库/ 中库025架A面7列4层25/ [索取号:TS653/1] 在馆    
山东省滨州职业学院图书馆 欢迎您!
大连网信软件有限公司© 版权所有